=LDR 00000nam 2200000 4500 =001 INLIS000000000004181 =005 20130612092447 =008 ***********************************Ind** =035 ##$$0010-061300000004181 =041 ##$$a Ind =082 ##$$a F Rom K =090 ##$$a F Rom K, Atm k =100 ##$$a ATMOWILOTO, Arswendo =245 ##$$a Keluarga cemara / Arswendo Atmowiloto. -- Cet.2. -- =260 ##$$a 1999 $b Jakarta : Gramedia Pustaka Utama =300 ##$$a 119 hlm. : ilus. ; 19 cm =650 ##$$a Fiksi Kanak-kanak =850 ##$$a NBPNMAT